| 000 | 00575nam a22001937a 4500 | ||
|---|---|---|---|
| 005 | 20251022145224.0 | ||
| 010 | _aENG-146977 | ||
| 020 |
_c1680.00 _a9788198665843 |
||
| 035 | _aEN-130509 | ||
| 037 | _bDBAD | ||
| 082 | _a954.09 | ||
| 100 |
_aRanade, Jayadeva _985523 |
||
| 245 |
_aChina: _bThe Hardening State/ _cJayadeva Ranade |
||
| 250 | _a1 | ||
| 260 |
_aNew Delhi _bKW Publishers Pvt Ltd _c2025 |
||
| 270 |
_bNew Delhi _aKW Publishers Pvt Ltd; _e110002 _k91 1143528107 _k91 1143528107 |
||
| 300 |
_a442p. _c24cm(hb) |
||
| 942 |
_2ddc _cEN _h954.09 _mRAN |
||
| 999 |
_c213663 _d213663 |
||